Ż czy Rz - Statystyki

Ogólne statystyki
  • Ten quiz został rozwiązany 91 razy
    65 od ostatniego zresetowania
  • Średni wynik to 24 z 26
Statystyki odpowiedzi
Hint Odpowiedź % Poprawnych
_eka Rz
100%
_ym Rz
98%
_emiosło Rz
98%
_eczywistosć Rz
98%
W_esień Rz
98%
_aba Ż
98%
_ółw Ż
98%
_ona Ż
98%
_uk Ż
98%
Je_ Ż
97%
_ar Ż
95%
_yrafa Ż
95%
Ksią_ka Ż
95%
_wir Ż
93%
_odkiewka Rz
91%
_ęsa Rz
91%
_niwa Ż
91%
Dru_yna Ż
91%
_emieśnik Rz
90%
_ąd Rz
90%
_ebrak Ż
90%
_eźba Rz
88%
Żu_el Ż
88%
Rowe_ysta Rz
84%
_epa Rz
83%
Rze_ucha Ż
81%
Nie znaleziono quizów pasujących do podanych kryteriów
Rozkład punktacji
Procent ludzi z każdym wynikiem
Percentyl według liczby udzielonych odpowiedzi
Twoja historia wyników
Nie rozwiązałeś tego quizu od ostatniego zresetowania